000 01804cad a22002055a 4500
001 L143670
008 080523e20080208xxk f v 000 0 eng d
035 _a(Sirsi) u143670
041 0 _aeng
245 0 0 _aCharlton and Charlton v Northern Structural Services Ltd
_h[electronic resource]
260 _c2008
520 _a[2008] EWHC 66 (TCC), 8 February 2008. Considers the extent to which professional negligence may be remedied by a claim for damages. The claimants (C) purchased a property together. Prior to purchasing, the valuation report had shown that there was some cracking in the house and drain pipes. As a result it was a condition of their mortgage agreement that they have the cracks investigated and reported on by a structural engineer. They employed the defendant (N) to perform this. N recommended the removal of a number of trees close to the property. C removed the trees, but after C performed this there was structural movement and further cracking. C employed another valuer who was of the opinion that the tree removal had caused the additional cracking, and the correct procedure would have been pruning and management. "Held": The structural movement and additional cracking was caused by clay heave as a result of C following N's advice. The stigma attached to the property as a result of this had significantly reduced its value. Damages awarded to C.
590 _aKA
650 2 4 _aCHARLTON AND CHARLTON V NORTHERN STRUCTURAL SERVICES LTD
651 4 _aEngland and Wales
_y1543-
690 _aMANAGEMENT-BUSINESS MANAGEMENT-PROFESSIONAL PRACTICE-NEGLIGENCE
690 _aBUILT ENVIRONMENT-BUILDING INSPECTION-STRUCTURAL SURVEYING
856 4 0 _uhttps://www.bailii.org/ew/cases/EWHC/TCC/2008/66.html
_zView the judgment free of charge at www.bailii.org...
942 _n0
999 _c80251
_d80251